| 000 | 00518nam a22001937a 4500 | ||
|---|---|---|---|
| 999 |
_c11163 _d11163 |
||
| 003 | OSt | ||
| 008 | 220418b ||||| |||| 00| 0 eng d | ||
| 020 | _a9788177395327 | ||
| 082 | _a657.046 GOA | ||
| 100 | _aGOEL, D,K. | ||
| 245 | _aAdvanced Financial Accounting | ||
| 250 | _a18th | ||
| 260 |
_aNew Delhi _bAvichal Publishing Company _c2019.20 |
||
| 300 | _aMISC | ||
| 650 | _aAdvanced Financial Accounting Sem. 11 B. Com. 1 (B. Com) | ||
| 700 | _aGOEL, Rajesh | ||
| 700 | _aGOEL, Shelly | ||
| 942 |
_2ddc _cBK |
||